Adenauer

Gardado en:
Detalles Bibliográficos
Autor Principal: Schwarz, Hans-Peter (Author)
Formato: Libro
Idioma:Lingua castelá
Publicado: Santiago Aguilar Chilena Ediciones Ltda 2003
Edición:1a. ed
Subjects:
Tags: Engadir etiqueta
Sen Etiquetas, Sexa o primeiro en etiquetar este rexistro!

MARC

LEADER 00000nam a2200000 a 4500
001 UCL9697
003 CL-VaPUC
008 040820e20030000CL |||||||||||||||||spa|d
020 |a 9562392627v.1 
020 |a 9562392635v.2 
082 0 4 |a 327.2092  |b SCH  |2 21 
100 0 |a Schwarz, Hans-Peter  |e author  |9 487619 
245 1 0 |a Adenauer 
250 |a 1a. ed 
300 |a 2 v 
942 |c BK 
945 |d 20040820 00:00:00  |a cmena 
260 |a Santiago  |b Aguilar Chilena Ediciones Ltda  |c 2003 
500 |a v.1: 1876-1952. Del Imperio alemán a la República Federal 
500 |a v.2: 1952-1967. El estadista 
600 0 7 |a ADENAUER, KONRAD  |2 CL-VaPUC  |9 317545 
650 0 |a Diplomacia  |9 256483 
650 0 |a Relaciones Internacionales  |9 255740 
650 0 |a Biografías  |9 255210 
650 0 |a Historia de Alemania  |9 431857 
650 0 |a Historia política  |9 256974 
651 0 |a Alemania  |9 255688 
583 |a last modification  |c 20040820 00:00:00  |k Rodrigo Vera 
999 |c 310412  |d 310410 
952 |0 0  |1 0  |4 0  |6 327_209200000000000_SCH_2003  |7 0  |8 A  |9 378796  |a BIBHIS  |b BIBHIS  |d 2019-11-21  |h v.1  |i 4043960  |l 1  |m 1  |o 327.2092 SCH 2003  |p 4043960  |r 2025-01-20  |s 2022-10-03  |w 2019-11-21  |y BK  |k HIS 
952 |0 0  |1 0  |4 0  |6 327_209200000000000_SCH_2003  |7 0  |8 A  |9 378797  |a BIBHIS  |b BIBHIS  |d 2019-11-21  |h v.2  |i 4043979  |o 327.2092 SCH 2003  |p 4043979  |r 2025-01-20  |w 2019-11-21  |y BK  |k HIS